[Event "Alba Adriatica op 3rd"]
[Site "Alba Adriatica"]
[Date "1989.09.20"]
[Round "5"]
[White "Monaldi, Luigi"]
[Black "Acketa, Tihomir"]
[Result "0-1"]
[WhiteElo "1937"]
[BlackElo "2000"]
[PlyCount "56"]
[EventDate "1989.09.16"]
[EventType "swiss"]
[EventRounds "8"]
[EventCountry "ITA"]
[SourceTitle "EXT 2023"]
[Source "ChessBase"]
[SourceDate "2022.10.05"]
[SourceVersion "1"]
[SourceVersionDate "2022.10.05"]
[SourceQuality "1"]

1. d4 d5 2. Nc3 Nf6 3. Bg5 Nbd7 4. Nf3 c6 5. e3 g6 6. Bd3 Bg7 7. 0-0 0-0 8. Qe2 Re8 9. Rfd1 h6 10. Bh4 Qc7 11. Bg3 Qb6 12. Na4 Qb4 13. b3 Ne4 14. Bxe4 dxe4 15. Nd2 b5 16. c3 Qa5 17. Nb2 e5 18. dxe5 Nxe5 19. Nxe4 Be6 20. Nd3 Nxd3 21. Qxd3 Bf5 22. f3 Rad8 23. Qc2 Bxe4 24. fxe4 Qxc3 25. Qxc3 Bxc3 26. Rxd8 Rxd8 27. Rc1 b4 28. a3 bxa3 0-1

[Event "Alba Adriatica op 3rd"]
[Site "Alba Adriatica"]
[Date "1989.09.17"]
[Round "2"]
[White "Rotoni, Fabrizio"]
[Black "Acketa, Tihomir"]
[Result "1-0"]
[WhiteElo "2093"]
[BlackElo "2000"]
[PlyCount "78"]
[EventDate "1989.09.16"]
[EventType "swiss"]
[EventRounds "8"]
[EventCountry "ITA"]
[SourceTitle "EXT 2023"]
[Source "ChessBase"]
[SourceDate "2022.10.05"]
[SourceVersion "1"]
[SourceVersionDate "2022.10.05"]
[SourceQuality "1"]

1. e4 e5 2. Nf3 Nc6 3. Bc4 Be7 4. c3 Nf6 5. d3 0-0 6. 0-0 d5 7. exd5 Nxd5 8. Re1 Bg4 9. h3 Bh5 10. g4 Bg6 11. Nxe5 Nxe5 12. Rxe5 Nb6 13. Qf3 Nxc4 14. dxc4 Bd6 15. Re1 Qh4 16. Be3 Rae8 17. Nd2 Re6 18. Bd4 c5 19. Be3 f5 20. Bg5 Rxe1+ 21. Rxe1 Qxg5 22. Qd5+ Bf7 23. Qxd6 fxg4 24. Ne4 Qh4 25. Ng3 gxh3 26. Re4 Qg5 27. Re5 Qc1+ 28. Kh2 Qxb2 29. Qxc5 Qxa2 30. Nf5 h6 31. Ne7+ Kh7 32. Rf5 Qa6 33. Nd5 Re8 34. Rxf7 Kg8 35. Rf3 Qe6 36. Rg3 Kh8 37. Qc7 Rg8 38. Ne7 Re8 39. Nf5 Rg8 1-0